01465cam a22002413a 450000100060000000300060000600500170001200800410002904000150007004200070008505000060009210000640009824501180016226000290028050507320030950600300104151600200107165300230109165300120111465300260112683000290115285600420118131278PGUSA20140828083657.0100215s2010||||xxu|||||s|||||000 | eng d aPGUSAbeng adc 4aD1 aActon, John Emerich Edward Dalberg Acton, Baron,d1834-190214aThe History of Freedom, and Other Essaysh[electronic resource] /cJohn Emerich Edward Dalberg Acton, Baron Acton bProject Gutenberg,c20100 aThe history of freedom in antiquity -- The history of freedom in Christianity -- Sir Erskine May's Democracy in Europe -- The massacre of St. Bartholomew -- The Protestant theory of persecution -- Political thoughts on the church -- Introduction to L.A. Burd's Edition of Il principe by Machiavelli -- Mr. Goldwin Smith's Irish history -- Nationality -- Dòˆllinger on the temporal power -- Dòˆllinger's historical work -- Cardinal Wiseman and the Home and foreign review -- Conflicts with Rome -- The Vatican Council -- A history of the Inquisition of the Middle Ages / by Henry Charles Lea -- The American commonwealth / by James Bryce -- Historical philosophy in France and French Belgium and Switzerland / by Robert Flint. aPublic domain in the USA. aElectronic text aLiberty -- History aHistory aHistory -- Philosophy 0aProject Gutenbergv3127840uhttp://www.gutenberg.org/ebooks/31278